00437nam a22001217a 4500003000500000005001700005038001800022082001400040100002100054245017900075260003100254710003000285NUST20200121121144.0 aNusrat Nadeem a519.4 JAV a Batool Javeria aMS Thesis:Computational Analysis of Cyclic Pyranopterin Monophosphate (cPMP) Formation from Guanosine Tri-phosphate (GTP) in Molybdenum Cofactor BiosynthesiscJaveria Batool  aIslamabadbRCMS NUSTc2019 4Dr.Uzma Habib(Supervisor)